01681 2200565 4500001002100000005001500021035002000036007000300056008004100059020002200100040002200122041000800144082001500152084001700167090001900184090002100203090002200224245012600246250002100372250002100393260003900414300002500453500001100478504003300489650002900522700002900551700002500580700002600605700003700631850001200668100002900680264003500709264003500744336002100779337003000800338002300830999002200853990002200875990001800897990002000915990002000935990002200955990001800977990002000995990002001015990001801035990002201053990002001075990002001095INLIS00000000085070120191223010209 a0010-0819000603ta190829r20102017yoi gre 1 | ind d a978-979-25-4802-0 aYOPDYOGbinderda0 aind04223a613.03 a613.03 MUT e aR 613.03 MUT e aDEP 613.03 MUT e aCB-D.11 2016-235810aEnsiklopedi kesehatan untuk umum /cMutaroh Akmal, Zely Indahaan, Widhawati, Sekar Sari; penyunting, Rose Kusumaningratri aCetakan II, 2017 aCetakan IV, 201621aYogyakarta :bAr-Ruzz Media,c2016 a404 halaman ;c24 cm aIndeks aBibliografi: halaman 373-399 4aKesehatan--vEnsiklopedi0 aZely IndahaanePengarang0 aWidhawatiePengarang0 aSekar SariePengarang0 aRose KusumaningratriePenyunting aYOPDYOG0 aMutaroh AkmalePengarang31aSleman :bAr-Ruzz Media,c201721aSleman :bAr-Ruzz Media,c2016 2rdacontentateks 2rdamediaatanpa perantara 2rdacarrieravolume aCB-D.11/2016-2358 aCB-D.11/2016-2358 a56140-PD/A.17 a39020-PD/B.2019 a39021-PD/B.2019 aCB-D.11/2016-2358 a56140-PD/A.17 a39020-PD/B.2019 a39021-PD/B.2019 a56140-PD/A.17 aCB-D.11/2016-2358 a39020-PD/B.2019 a39021-PD/B.2019